000 00380cam a2200181 4500
001 D13689
008 090401t1908 xxu||||| |||| 00| 0 eng d
035 _a(Sirsi) u11148
041 _aeng
100 _aRea, J.T.
245 _aHow to estimate
250 _a3rd
260 _bB T Batsford
_c1908
350 _a0
520 _aShelf 133
942 _n0
948 _c04/03/1997
999 _c86817
_d86817